=LDR 00000nam 2200000 4500 =001 INLIS000000000045158 =005 20141229163335.0 =006 =007 =008 =035 ##$$0010-121400000000308 =082 ##$$a 028.5 =090 ##$$a 028.5 $b RAR T =100 ##$$a RARA $t THE TIME TUNNEL =245 ##$$a THE TIME TUNNEL =260 ##$$a bandung $b EDELWEISS $c 2011 =300 ##$$a 134 HLM $b ilus $c 23 cm =850 ##$$a NBPMAT =990 ##$$a 0001/BPAP-NTB/20142014